000 00823cab a2200265 4500
001 WB3401-56
008 090401t1997 xxu||||| |||| 00| 0 eng d
035 _a(Sirsi) u82800
041 _aeng
245 _a£1.3bn for social housing
260 _c1997
350 _a0
490 _aDETR News Release
_v(518/ENV) 16 December 1997, (15)
520 _aLocal authorities have been allocated £1.34bn for social housing, under Housing Investment Programme and capital receipts initiative. Details.
650 _aGOVERNMENT FUNDING
650 _aHOUSING INVESTMENT PROGRAMME
650 _aHOUSING STOCK
650 _aLOCAL AUTHORITIES
650 _aPERFORMANCE
650 _aREGISTERED SOCIAL LANDLORDS
650 _aSOCIAL HOUSING
690 _aBlock management
_96220
942 _n0
948 _c18/12/1997
999 _c52298
_d52298